000 00908nam a22002537a 4500
001 12846
003 HDC
007 cr bn ---aaaaa
008 210211t9999 ||||| |||| 00| 0 eng
040 _aHDC
100 _aDalmacio, Ida F.
_eauthor
_913687
245 0 _aSustainable Agriculture for the Asian and Pacific Region. Biotechnology for Sustainable Agriculture / by
_c Ida F. Dalmacio
260 _a[no place] :
_b[publisher not identified],
_c[no year]
300 _a6 pages
336 _atext
_2rdacontent
337 _acomputer
_2rdamedia
338 _aonline resource
_2rdacarrier
650 _aBiotechnology
_9343
650 _asustainable agriculture
_91662
856 _zRequest full-text at [email protected]
942 _2lcc
942 _cCHAP
942 _kEBCH 001887
999 _c10168
_d10168